BBC's The 100 Greatest American Films - Statistics

General Stats
  • This quiz has been taken 1,227 times
  • The average score is 26 of 100
Answer Stats
Year Director Answer % Correct
1972 Francis Ford Coppola The Godfather
94%
1974 Francis Ford Coppola The Godfather Part II
84%
1941 Orson Welles Citizen Kane
80%
1960 Alfred Hitchcock Psycho
79%
1977 George Lucas Star Wars
76%
1994 Quentin Tarantino Pulp Fiction
67%
1968 Stanley Kubrick 2001: A Space Odyssey
65%
1982 Steven Spielberg ET: The Extra-Terrestrial
64%
1990 Martin Scorsese Goodfellas
62%
1975 Steven Spielberg Jaws
62%
1958 Alfred Hitchcock Vertigo
61%
1952 Stanley Donen and Gene Kelly Singin' in the Rain
56%
1976 Martin Scorsese Taxi Driver
56%
1942 Michael Curtiz Casablanca
50%
1980 Stanley Kubrick The Shining
50%
1979 Francis Ford Coppola Apocalypse Now
49%
1977 Woody Allen Annie Hall
48%
1993 Steven Spielberg Schindler's List
48%
2008 Christopher Nolan The Dark Knight
45%
1959 Alfred Hitchcock North by Northwest
44%
1980 Martin Scorsese Raging Bull
43%
1985 Robert Zemeckis Back to the Future
42%
1999 Stanley Kubrick Eyes Wide Shut
42%
1994 Robert Zemeckis Forrest Gump
42%
1939 Victor Fleming Gone with the Wind
41%
1981 Steven Spielberg Raiders of the Lost Ark
41%
1989 Spike Lee Do the Right Thing
38%
1975 Milos Forman One Flew Over the Cuckoo's Nest
38%
1946 Frank Capra It's a Wonderful Life
36%
1931 Charles Chaplin City Lights
34%
1974 Roman Polanski Chinatown
33%
1964 Stanley Kubrick Dr. Strangelove, or How I Learned to Stop Worrying and Love the Bomb
32%
2001 David Lynch Mulholland Drive
32%
1936 Charles Chaplin Modern Times
31%
1959 Billy Wilder Some Like it Hot
31%
1986 David Lynch Blue Velvet
30%
1977 Steven Spielberg Close Encounters of the Third Kind
30%
1939 Victor Fleming The Wizard of Oz
30%
1960 Billy Wilder The Apartment
28%
1956 John Ford The Searchers
28%
1975 Stanley Kubrick Barry Lyndon
26%
1980 Irvin Kershner The Empire Strikes Back
26%
2013 Steve McQueen 12 Years a Slave
24%
1915 D.W. Griffith The Birth of a Nation
24%
1967 Mike Nichols The Graduate
24%
1973 Martin Scorsese Mean Streets
23%
1968 George A. Romero Night of the Living Dead
21%
1950 Billy Wilder Sunset Boulevard
20%
1993 Harold Ramis Groundhog Day
18%
1975 Robert Altman Nashville
18%
1939 John Ford Stagecoach
18%
1974 Francis Ford Coppola The Conversation
18%
1925 Charles Chaplin The Gold Rush
16%
2011 Terrence Malick The Tree of Life
16%
1961 Robert Wise and Jerome Robbins West Side Story
16%
2004 Michel Gondry Eternal Sunshine of the Spotless Mind
15%
1976 Sidney Lumet Network
15%
1969 Sam Peckinpah The Wild Bunch
14%
1942 Orson Welles The Magnificent Ambersons
13%
1944 Billy Wilder Double Indemnity
12%
1964 Alfred Hitchcock Marnie
12%
1991 Ridley Scott Thelma & Louise
12%
1958 Orson Welles Touch of Evil
12%
1978 Terrence Malick Days of Heaven
11%
1946 Alfred Hitchcock Notorious
11%
1974 John Cassavetes A Woman Under the Influence
10%
1927 FW Murnau Sunrise
10%
1946 William Wyler The Best Years of Our Lives
10%
1955 Charles Laughton The Night of the Hunter
10%
1972 John Boorman Deliverance
9%
1959 Howard Hawks Rio Bravo
9%
1924 Buster Keaton Sherlock Jr.
9%
1938 Howard Hawks Bringing Up Baby
8%
1933 Leo McCarey Duck Soup
8%
1980 Michael Cimino Heaven's Gate
8%
1994 Roger Allers and Rob Minkoff The Lion King
8%
2002 Spike Lee 25th Hour
7%
1989 Woody Allen Crimes and Misdemeanors
7%
1924 Eric von Stroheim Greed
7%
1944 Vincente Minnelli Meet me in St. Louis
7%
1962 John Ford The Man Who Shot Liberty Valance
7%
1940 Howard Hawks His Girl Friday
6%
1971 Robert Altman McCabe & Mrs. Miller
6%
1948 Howard Hawks Red River
6%
1951 Billy Wilder Ace in the Hole
5%
1959 Douglas Sirk Imitation of Life
5%
1954 Nicholas Ray Johnny Guitar
5%
1978 Charles Burnett Killer of Sheep
5%
1941 Preston Sturges The Lady Eve
5%
1983 Philip Kaufman The Right Stuff
5%
1940 Ernst Lubitsch The Shop Around the Corner
5%
1951 George Stevens A Place in the Sun
4%
1950 Nicholas Ray In a Lonely Place
4%
1984 John Cassavetes Love Streams
4%
1943 Maya Deren and Alexander Hammid Meshes of the Afternoon
4%
1953 Vincente Minnelli The Band Wagon
4%
1975 Albert and David Maysles, et. al. Grey Gardens
3%
1982 Godfrey Greggio Koyaanisqatsi
3%
1948 Max Ophuls Letter from an Unknown Woman
3%
1941 Josef von Sternberg The Shanghai Gesture
2%
No matching quizzes found
Score Distribution
Percent of People with Each Score
Percentile by Number Answered
Your Score History
You have not taken this quiz